| 000 -LEADER |
| fixed length control field |
00886nam a22001337a 4500 |
| 008 - FIXED-LENGTH DATA ELEMENTS--GENERAL INFORMATION |
| fixed length control field |
240118b ||||| |||| 00| 0 eng d |
| 100 ## - MAIN ENTRY--PERSONAL NAME |
| Personal name |
Shriram, Ajay and Bahl, Ajay |
| 245 ## - TITLE STATEMENT |
| Title |
India’s continued march towards ease of doing business |
| 260 ## - PUBLICATION, DISTRIBUTION, ETC. (IMPRINT) |
| Place of publication, distribution, etc |
Yojana |
| 300 ## - PHYSICAL DESCRIPTION |
| Extent |
68(1), Jan, 2024: p.43-45 |
| 520 ## - SUMMARY, ETC. |
| Summary, etc |
The Jan Vishwas ( Amendment of provisions) act, 2023 strives to strikes a balance between the severity of the violation and the gravity of the prescribed punishment. Many offences, which are either minor or technical or procedural in nature and for which the punishment prescribed was disproportionate, have been decriminalised under the JV act. The industry believes that he JV act is only the beginning and that may more statures are on the horizon that will provide additional comfort to the industry. – Reproduced |
| 773 ## - HOST ITEM ENTRY |
| Main entry heading |
Yojana |
| 942 ## - ADDED ENTRY ELEMENTS (KOHA) |
| Item type |
Articles |